Mathematical models in the applied sciences

Αποθηκεύτηκε σε:
Λεπτομέρειες βιβλιογραφικής εγγραφής
Κύριος συγγραφέας: Fowler, A. C. (Andrew Cadle) 1953-
Μορφή: Βιβλίο
Γλώσσα:English
Δημοσίευση: Cambridge : Cambridge University Press, c1997
Σειρά:Cambridge texts in applied mathematics
Θέματα:
Ετικέτες: Προσθήκη ετικέτας
Δεν υπάρχουν, Καταχωρήστε ετικέτα πρώτοι!

MARC

LEADER 00000nam a2200000 i 4500
001 1/24005
008 981126s1997 eng d
020 |a 0-521-46140-5 
035 |l 10036992 
040 |a GR-MY-UA  |b gre  |e aacr 
041 0 |a eng 
082 0 |a 511.8 
100 1 |a Fowler, A. C.  |q (Andrew Cadle)  |d 1953- 
245 1 0 |a Mathematical models in the applied sciences /  |c A. C. Fowler 
260 |a Cambridge :   |b Cambridge University Press,   |c c1997 
300 |a 402 p.  |b fig. 
490 1 |a Cambridge texts in applied mathematics 
504 |a Includes bibliographical references and index 
650 0 0 |a Mathematical models. 
830 0 |a Cambridge texts in applied mathematics 
852 |a INST  |b LESVOS  |e 19981126  |h 511.8 FOW  |p 005100017500  |q 005100017500  |t BK  |y 0 
901 |a BIBL-1999-1 
909 |a Λ  |b 059869 
922 |a 1ΕΛΗ  |b 199810  |c ΚΠΣ/ΤΠ  |d ΠΑΠΑΣΩΤΗΡΙΟΥ 
950 |a 107-1998-07-18